zpět

Detail výsledku týmu

Restaurace U Jána ST, Kolín

Datum a čas kvízu

30.5 Celkem bodů Celkový počet nahraných bodů na tomto kvízu bez doplňovacích otázek.
2. Pořadí na kvízu Konečné umístění týmu na tomto kvízu.

Zaznamenané odpovědi

# Otázka Odpověď Body Výsledky
1. Jak se jmenuje tento muž, kter... Vladimír Balaš 1
2. Německý bulvární časopis Die A... s Michaelem Schumacherem 1
3. Minulý týden byly rozděleny pr... Patrik Banga 0
4. Japonská společnost Sega oznám... Angry Birds 1
5. Minulý týden začal soudní proc... Roman Berbr, Plzeň 0.5
6. O slovanských bozích a mýtech... Vesna 0
7. Níže zobrazený český lékař a b... Jan Evangelista Purkyně 1
8. Na kresbě níže je zachycena mý... Kostěj 0
9. Seřaďte tyto slovanské svátky... 1C 2D 3A 4B 0
10. Ve fantasy románu Američtí ___... Američtí bohové, Neil Gaiman 0